Novinky v nemocenskom poistení

Nemocenské dávky podľa novely zákona o sociálnom poistení od 1. januára 2008. Právne postavenie doktorandov v dennej forme štúdia. Doktorandi v ochrannej lehote. Dobrovoľné nemocenské poistenie u doktorandov. Nárok na nemocenské dávky dôchodcov. Všeobecné podmienky nároku na nemocenské dávky. Pokrač...

Description complète

Enregistré dans:
Détails bibliographiques
Auteur principal: Kupkovičová, Simona
Format: Chapitre de livre
Langue:slovaque
Sujets:
Tags: Ajouter un tag
Pas de tags, Soyez le premier à ajouter un tag!

MARC

LEADER 00000naa$a2200000$$$4500
001 0071061
005 20230925075038.2
041 0 |a slo 
044 |a SK 
245 1 0 |a Novinky v nemocenskom poistení  |c Simona Kupkovičová 
520 |a Nemocenské dávky podľa novely zákona o sociálnom poistení od 1. januára 2008. Právne postavenie doktorandov v dennej forme štúdia. Doktorandi v ochrannej lehote. Dobrovoľné nemocenské poistenie u doktorandov. Nárok na nemocenské dávky dôchodcov. Všeobecné podmienky nároku na nemocenské dávky. Pokračovanie článku v nasledujúcom čísle. 
610 2 0 |a poistenie nemocenské 
610 2 0 |a dávky poistné 
610 2 0 |a poistenie dobrovoľné 
610 2 0 |a dôchodcovia 
610 2 0 |a zamestnanie 
610 2 0 |a práca 
610 2 0 |a novelizácia 
610 2 0 |a legislatíva 
100 1 |a Kupkovičová, Simona